[Event "Blankenese op 3rd"]
[Site "Hamburg"]
[Date "2019.10.05"]
[Round "5"]
[White "Engel, Robert"]
[Black "Kraft, Stefan"]
[Result "1-0"]
[WhiteElo "2119"]
[BlackElo "1863"]
[PlyCount "23"]
[EventDate "2019.10.03"]
[EventType "swiss"]
[EventRounds "7"]
[EventCountry "GER"]
[SourceTitle "EXT 2023"]
[Source "ChessBase"]
[SourceDate "2022.10.05"]
[SourceVersion "1"]
[SourceVersionDate "2022.10.05"]
[SourceQuality "1"]

1. e4 d5 2. exd5 Qxd5 3. Nc3 Qd6 4. d4 Nf6 5. Be3 a6 6. Nf3 Bg4 7. h3 Bh5 8. g4 Bg6 9. Ne5 Nbd7 10. Nc4 Qc6 11. d5 Nxd5 12. Qxd5 1-0

[Event "Blankenese op 3rd"]
[Site "Hamburg"]
[Date "2019.10.03"]
[Round "1"]
[White "Kraft, Stefan"]
[Black "Braun, Julian1"]
[Result "1-0"]
[WhiteElo "1863"]
[BlackElo "1254"]
[PlyCount "47"]
[EventDate "2019.10.03"]
[EventType "swiss"]
[EventRounds "7"]
[EventCountry "GER"]
[SourceTitle "EXT 2023"]
[Source "ChessBase"]
[SourceDate "2022.10.05"]
[SourceVersion "1"]
[SourceVersionDate "2022.10.05"]
[SourceQuality "1"]

1. d4 d5 2. Bf4 Nf6 3. Nf3 Bf5 4. c3 Nbd7 5. Nbd2 e6 6. Qb3 Nb6 7. Ne5 Bd6 8. e3 0-0 9. Be2 a5 10. g4 a4 11. Qd1 Bxe5 12. dxe5 Nxg4 13. Bxg4 Bd3 14. Be2 Bf5 15. Nf3 Be4 16. Rg1 Kh8 17. h4 Bxf3 18. Bxf3 Qxh4 19. Qd3 h6 20. Ke2 Qe7 21. Rh1 Rg8 22. Rag1 g6 23. Bxh6 Qd7 24. Bf8# 1-0